00000000nam##2200000za#4500
0019.571012
003CaOODSP
00520210624182521
007cr |||||||||||
008150406|2009||||xxc|||||o    f|0| 0 eng|d
040 |aCaOODSP|beng
043 |an-cn---
0861 |aYC24-0/402-5E-PDF
1101 |aCanada. |bParliament. |bSenate. |bStanding Committee on Legal and Constitutional Affairs.
24510|aEqual justice : |h[electronic resource]|breforming Canada's system of courts martial / |cThe Honourable Joan Fraser, chair ; the Honourable Pierre Claude Nolin, deputy chair.
2463 |aFinal report
260 |aOttawa - Ontario : |bSenate. |cMay 2009.
300 |a47p.|breferences
4901 |aReport of the Standing Senate Committee on Legal and Constitutional Affairs|v40th Parliament, 2nd Session, [5th report]
500 |aOn cover: A Special Study on the provisions and operation of An Act to amend the National Defence Act (Court Martial) and to make a consequential amendment to another Act, S.C. 2008, c. 29.
590 |a11-12-Supp|b2011-07-29
77508|tUne justice égale : |w(CaOODSP)9.601655
830#0|aReport of the Standing Senate Committee on Legal and Constitutional Affairs ;|v40th Parliament, 2nd Session, [5th report]|w(CaOODSP)9.506411
85640|ahttp://publications.gc.ca|qPDF|s725 KB|uhttps://publications.gc.ca/collections/collection_2011/sen/yc24-0/YC24-0-402-5-eng.pdf|y40th Parliament, 2nd Session, [5th report]